000 00712nam a2200229 i 4500
001 179376
003 ES-MaACL
005 20251003063154.0
008 111111s1996 sp a |||| | spa d
020 _a84-88645-79-1
080 _a821.134.2-14"19"
100 0 _aGallego, Vicente,
_d1963-
_953546
245 1 0 _aVicente Gallego.
260 _aLleida :
_bAula de Poesia de la Universitat,
_c1996.
300 _a25 p. :
_bil. ;
_c17 cm.
490 1 _aVersos ;
_v8
598 _aVersos, colección dirigida por Pere Rovira.
710 2 _aUniversidad de Lleida.
_97202
830 0 _aVersos ;
_v8
_9224455
852 _aES-MaACL
_j2307-F-6
_z. - Donativo M. A. Velasco
999 _c179376
_d179376